Birth States of U.S. Presidents - Sudden Death - Statistics

General Stats
  • This quiz has been taken 88 times
  • The average score is 7 of 21
Answers on the Grid
Answers color-coded by a green-red scale on the quiz's grid according to % correct below.
Alabama
Alaska
Arizona
Arkansas
California
Colorado
Connecticut
Delware
Florida
Georgia
Hawaii
Idaho
Illinois
Indiana
Iowa
Kansas
Kentucky
Louisiana
Maine
Maryland
Massachusetts
Michigan
Minnesota
Mississippi
Missouri
Montana
Nebraska
Nevada
New Hampshire
New Jersey
New Mexico
New York
North Carolina
North Dakota
Ohio
Oklahoma
Oregon
Pennsylvania
Rhode Island
South Carolina
South Dakota
Tennessee
Texas
Utah
Vermont
Virginia
Washington
West Virginia
Wisconsin
Wyoming
 
Answer Stats
Answer % Correct
Arkansas
56%
Hawaii
56%
Pennsylvania
56%
California
44%
Massachusetts
44%
New York
44%
Texas
44%
Virginia
44%
Georgia
33%
Illinois
33%
Kentucky
33%
New Hampshire
33%
North Carolina
33%
Ohio
33%
Connecticut
22%
Iowa
22%
Missouri
22%
Nebraska
22%
New Jersey
22%
South Carolina
22%
Vermont
22%
No matching quizzes found
Score Distribution
Percent of People with Each Score
Percentile by Number Answered
Your Score History
You have not taken this quiz